00784nam a2200229Ia 4500003000400000005001700004008004100021020001400062040000700076041000800083082002200091100003100113245008000144250000600224260004500230300001700275365001400292906008500306942001200391999001900403952013200422OSt20230505163505.0210423s2005 xx 000 0 und d a471474266 cAL aeng a573.21223b PASJ aPASTERNAK (Jack J).999174 aIntroduction to human molecular genetics: mechanisms of inherited diseases. a2 aNew JerseybWiley Liss Publicationc2005 axxii,631bPB b3780cINR adiseases ; genetics: ; human ; inherited ; Introduction ; mechanisms ; molecular 2ddccBK c163707d163707 001040708BTaSACPGbSACPGd2008-08-07eAthulya Booksg3780.00l0o573.21 PASJpPG010204r2022-08-24 00:00:00w2021-04-26yBK